[Event "BL2 Sued 1920 (Women)"]
[Site "Germany"]
[Date "2020.02.16"]
[Round "7.4"]
[White "Riemer Nlula, Marion"]
[Black "Kobald, Jacqueline"]
[Result "1/2-1/2"]
[WhiteElo "1807"]
[BlackElo "1885"]
[PlyCount "53"]
[EventDate "2019.09.14"]
[EventType "team-tourn"]
[EventRounds "7"]
[EventCountry "GER"]
[SourceTitle "EXT 2021"]
[Source "ChessBase"]
[SourceDate "2020.10.23"]
[SourceVersion "1"]
[SourceVersionDate "2020.10.23"]
[SourceQuality "1"]
[WhiteTeam "Zeulenroda Rochade (W)"]
[BlackTeam "Stuttgart Wolfbusch (W)"]
[WhiteTeamCountry "GER"]
[BlackTeamCountry "GER"]

1. e4 c5 2. d4 cxd4 3. c3 Nf6 4. e5 Nd5 5. cxd4 b6 6. Nf3 e6 7. Be2 Be7 8. 0-0 Ba6 9. Nc3 Nxc3 10. bxc3 Qc7 11. Bxa6 Nxa6 12. Qd3 Nb8 13. c4 d6 14. Ba3 Nd7 15. Rfe1 0-0 16. d5 Nc5 17. Bxc5 Qxc5 18. dxe6 fxe6 19. exd6 Bxd6 20. Rxe6 Rad8 21. Qe2 Qh5 22. h3 Bc5 23. Rd1 Rxd1+ 24. Qxd1 Qf5 25. Qe2 Qb1+ 26. Kh2 Qf5 27. Re4 1/2-1/2

[Event "GER-chT Lands U20"]
[Site "Wuerzburg"]
[Date "2019.10.06"]
[Round "7.7"]
[White "Unbehend, Marius"]
[Black "Kobald, Jacqueline"]
[Result "0-1"]
[WhiteElo "1461"]
[BlackElo "1885"]
[PlyCount "120"]
[EventDate "2019.10.01"]
[EventType "team-swiss"]
[EventRounds "7"]
[EventCountry "GER"]
[SourceTitle "EXT 2020"]
[Source "ChessBase"]
[SourceDate "2019.10.17"]
[SourceVersion "1"]
[SourceVersionDate "2019.10.17"]
[SourceQuality "1"]
[WhiteTeam "Saarland"]
[BlackTeam "Wuerttemberg"]
[WhiteTeamCountry "GER"]
[BlackTeamCountry "GER"]

1. e4 c5 2. d4 cxd4 3. c3 Nf6 4. e5 Nd5 5. Nf3 e6 6. Bc4 Nb6 7. Bb3 Be7 8. 0-0 0-0 9. cxd4 d6 10. Qe2 Nc6 11. Nc3 a6 12. Bf4 Qc7 13. Rfd1 Nd7 14. Bg3 dxe5 15. dxe5 Nc5 16. Bc2 b5 17. Rac1 Bb7 18. h4 Rad8 19. Bb1 Qb6 20. h5 Rxd1+ 21. Rxd1 Rd8 22. Rxd8+ Qxd8 23. Qc2 g6 24. hxg6 hxg6 25. Qe2 Nd4 26. Nxd4 Qxd4 27. a3 Kg7 28. Kh2 Bh4 29. Bxh4 Qxh4+ 30. Kg1 Qg5 31. f3 Nd7 32. Be4 Bxe4 33. Qxe4 Qxe5 34. Qc2 Qd4+ 35. Kh1 Ne5 36. Ne4 Nc4 37. Nc3 Qd2 38. Qxd2 Nxd2 39. b4 Kf6 40. a4 bxa4 41. Nxa4 Nb3 42. Nc3 Ke5 43. b5 a5 44. Na4 Kd6 45. Kg1 Nc5 46. Nc3 a4 47. Kf2 a3 48. Ke2 Na4 49. Na2 Kc5 50. b6 Nxb6 51. Kd3 Nd5 52. g3 Nb4+ 53. Nxb4 Kxb4 54. Kc2 Kc4 55. f4 f6 56. Kb1 Kb3 57. Ka1 e5 58. fxe5 fxe5 59. g4 e4 60. g5 e3 0-1

[Event "GER-chT Lands U20"]
[Site "Wuerzburg"]
[Date "2019.10.02"]
[Round "2.9"]
[White "Kobald, Jacqueline"]
[Black "Fuhrmann, Bahne"]
[Result "0-1"]
[WhiteElo "1885"]
[BlackElo "1623"]
[PlyCount "60"]
[EventDate "2019.10.01"]
[EventType "team-swiss"]
[EventRounds "7"]
[EventCountry "GER"]
[SourceTitle "EXT 2020"]
[Source "ChessBase"]
[SourceDate "2019.10.17"]
[SourceVersion "1"]
[SourceVersionDate "2019.10.17"]
[SourceQuality "1"]
[WhiteTeam "Wuerttemberg"]
[BlackTeam "Hamburg/Schleswig Holstein"]
[WhiteTeamCountry "GER"]
[BlackTeamCountry "GER"]

1. e4 e5 2. Nf3 Nc6 3. Bb5 a6 4. Ba4 Nf6 5. Qe2 b5 6. Bb3 Bc5 7. a4 Rb8 8. axb5 axb5 9. 0-0 0-0 10. d3 d6 11. c3 b4 12. Nbd2 bxc3 13. bxc3 Nh5 14. Rd1 Nf4 15. Qf1 Qf6 16. Bd5 Ne7 17. Bc4 c6 18. Nb3 Bb6 19. d4 Bg4 20. Bxf4 Qxf4 21. Qe2 d5 22. Bd3 Bc7 23. Nbd2 Rb2 24. Rab1 Bxf3 25. Qxf3 Qxd2 26. exd5 Rxb1 27. Rxb1 cxd5 28. Rb7 e4 29. Qe2 Qc1+ 30. Qf1 Qxc3 0-1

[Event "GER-ch U18 Girls"]
[Site "Willingen"]
[Date "2019.06.12"]
[Round "5"]
[White "Arnhold, Steffi"]
[Black "Kobald, Jacqueline"]
[Result "1-0"]
[WhiteElo "1996"]
[BlackElo "1839"]
[PlyCount "63"]
[EventDate "2019.06.08"]
[EventType "swiss"]
[EventRounds "9"]
[EventCountry "GER"]
[SourceTitle "CBM 191 Extra"]
[Source "ChessBase"]
[SourceDate "2019.09.30"]
[SourceVersion "1"]
[SourceVersionDate "2019.09.30"]
[SourceQuality "1"]

1. e4 c5 2. Nf3 e6 3. d4 cxd4 4. Nxd4 a6 5. Bd3 Qc7 6. 0-0 Nf6 7. Nc3 d6 8. f4 Nbd7 9. Kh1 Be7 10. Qe1 0-0 11. Qg3 g6 12. Nf3 b5 13. a3 Bb7 14. Bd2 Rac8 15. Rae1 Nh5 16. Qh3 Nc5 17. f5 exf5 18. exf5 Nxd3 19. cxd3 Bxf3 20. Rxf3 Qd8 21. Nd5 Bh4 22. Ref1 Bg5 23. Bc3 Rc5 24. Ne3 d5 25. Bd4 Rc6 26. Ng4 Qc8 27. Qh4 Qd8 28. Qf2 f6 29. h4 Bf4 30. Rxf4 Nxf4 31. Qxf4 Qc7 32. Nxf6+ 1-0

[Event "Pfalz op-B 10th"]
[Site "Neustadt an der Weinstrasse"]
[Date "2019.03.03"]
[Round "5"]
[White "Kempe, Caius Emilian"]
[Black "Kobald, Jacqueline"]
[Result "0-1"]
[WhiteElo "1731"]
[BlackElo "1870"]
[PlyCount "74"]
[EventDate "2019.03.01"]
[EventType "swiss"]
[EventRounds "7"]
[EventCountry "GER"]
[SourceTitle "CBM 189 Extra"]
[Source "ChessBase"]
[SourceDate "2019.06.03"]
[SourceVersion "1"]
[SourceVersionDate "2019.06.03"]
[SourceQuality "1"]

1. d4 Nf6 2. c4 g6 3. Nc3 Bg7 4. e4 d6 5. f3 0-0 6. Be3 e5 7. d5 Nh5 8. g4 Nf4 9. Qd2 f5 10. gxf5 gxf5 11. 0-0-0 a5 12. Nge2 Nxe2+ 13. Qxe2 Na6 14. h4 Kh8 15. Bh3 f4 16. Bxc8 Qxc8 17. Bd2 Qd7 18. Kb1 Rg8 19. Qh2 Bh6 20. Rdg1 Nc5 21. Be1 Na4 22. Ne2 b5 23. cxb5 Qxb5 24. Nc3 Nxc3+ 25. Bxc3 Qd3+ 26. Qc2 Qxf3 27. Rf1 Qe3 28. Bd2 Qb6 29. Qc3 Rg3 30. Rf3 Rxf3 31. Qxf3 Rg8 32. Rf1 Qb5 33. Rc1 Rg3 34. Qh1 Qd3+ 35. Rc2 Rf3 36. Qc1 Rf1 37. Be1 f3 0-1

[Event "Pfalz op-B 10th"]
[Site "Neustadt an der Weinstrasse"]
[Date "2019.03.03"]
[Round "4"]
[White "Kobald, Jacqueline"]
[Black "Basovskiy, Jana"]
[Result "1/2-1/2"]
[WhiteElo "1870"]
[BlackElo "1720"]
[PlyCount "90"]
[EventDate "2019.03.01"]
[EventType "swiss"]
[EventRounds "7"]
[EventCountry "GER"]
[SourceTitle "CBM 189 Extra"]
[Source "ChessBase"]
[SourceDate "2019.06.03"]
[SourceVersion "1"]
[SourceVersionDate "2019.06.03"]
[SourceQuality "1"]

1. e4 c5 2. Nf3 e6 3. d4 cxd4 4. Nxd4 Nf6 5. Nc3 Nc6 6. Ndb5 Bb4 7. a3 Bxc3+ 8. Nxc3 d5 9. exd5 exd5 10. Bd3 0-0 11. 0-0 d4 12. Ne2 Bg4 13. f3 Bh5 14. Ng3 Bg6 15. Bxg6 hxg6 16. Bg5 Qb6 17. Bxf6 gxf6 18. Qd2 Kg7 19. Ne4 Ne5 20. b4 d3+ 21. Kh1 dxc2 22. Qxc2 Rac8 23. Qe2 Rfd8 24. Rad1 Nc4 25. Rxd8 Qxd8 26. h3 Qe7 27. Rc1 b5 28. Qa2 Rd8 29. a4 a6 30. axb5 axb5 31. Qa6 Qe5 32. Qc6 Qb2 33. Rc3 Rd1+ 34. Kh2 Qxb4 35. Qxf6+ Kg8 36. Ng5 Qd6+ 37. Qxd6 Rxd6 38. Ne4 Rb6 39. Kg3 f5 40. Nc5 Kf7 41. Kf4 Rc6 42. Nd3 Kf6 43. h4 Rd6 44. g4 Rd4+ 45. Kg3 fxg4 1/2-1/2

[Event "Wch U16 Girls"]
[Site "Porto Carras"]
[Date "2018.10.26"]
[Round "7"]
[White "Kobald, Jacqueline"]
[Black "Simkunaite, Gabija"]
[Result "1/2-1/2"]
[WhiteElo "1911"]
[BlackElo "1650"]
[PlyCount "78"]
[EventDate "2018.10.20"]
[EventType "swiss"]
[EventRounds "11"]
[EventCountry "GRE"]
[SourceTitle "CBM 187 Extra"]
[Source "ChessBase"]
[SourceDate "2018.11.04"]
[SourceVersion "1"]
[SourceVersionDate "2018.11.04"]
[SourceQuality "1"]

1. e4 c6 2. d4 d5 3. Nc3 dxe4 4. Nxe4 Bf5 5. Ng3 Bg6 6. h4 h6 7. Nf3 Nd7 8. h5 Bh7 9. Bd3 Bxd3 10. Qxd3 e6 11. Bd2 Ngf6 12. 0-0-0 Qc7 13. Ne4 Nxe4 14. Qxe4 Nf6 15. Qe2 Bd6 16. Ne5 0-0-0 17. f4 Kb8 18. Kb1 Rhf8 19. g4 c5 20. dxc5 Bxe5 21. fxe5 Nd7 22. c6 Qxc6 23. Ba5 Nb6 24. Bb4 Rfe8 25. Rhf1 Qc4 26. Qxc4 Nxc4 27. b3 a5 28. bxc4 Rxd1+ 29. Rxd1 axb4 30. Rd7 Rf8 31. Kb2 g6 32. Kb3 gxh5 33. gxh5 f5 34. exf6 Rxf6 35. Re7 Rf5 36. Rxe6 Rxh5 37. Re7 Rh2 38. Rh7 h5 39. Kxb4 Rxc2 1/2-1/2

[Event "Wch U16 Girls"]
[Site "Porto Carras"]
[Date "2018.10.20"]
[Round "1"]
[White "Kobald, Jacqueline"]
[Black "Solozhenkina, Elizaveta"]
[Result "0-1"]
[WhiteElo "1911"]
[BlackElo "2276"]
[PlyCount "52"]
[EventDate "2018.10.20"]
[EventType "swiss"]
[EventRounds "11"]
[EventCountry "GRE"]
[SourceTitle "CBM 187 Extra"]
[Source "ChessBase"]
[SourceDate "2018.11.04"]
[SourceVersion "1"]
[SourceVersionDate "2018.11.04"]
[SourceQuality "1"]

1. e4 c5 2. Nf3 d6 3. d4 cxd4 4. Nxd4 Nf6 5. Nc3 a6 6. g3 e5 7. Nde2 Be7 8. Bg2 0-0 9. h3 b5 10. a4 b4 11. Nd5 Nxd5 12. exd5 Nd7 13. 0-0 a5 14. Kh2 Ba6 15. f4 Rc8 16. Be3 Qc7 17. Rc1 exf4 18. Rxf4 Rfe8 19. Nd4 Bg5 20. Rxf7 Bxe3 21. Ne6 Kxf7 22. Nxc7 Rxc7 23. Qf3+ Nf6 24. Re1 Rce7 25. Kh1 Bc4 26. Rd1 Bc5 0-1

[Event "EU-chT U18 Girls"]
[Site "Bad Blankenburg"]
[Date "2018.07.15"]
[Round "4.1"]
[White "Kobald, Jacqueline"]
[Black "Egyed, Judit"]
[Result "1-0"]
[WhiteElo "1921"]
[BlackElo "2171"]
[PlyCount "73"]
[EventDate "2018.07.12"]
[EventType "team-swiss"]
[EventRounds "7"]
[EventCountry "GER"]
[SourceTitle "EXT 2019"]
[Source "ChessBase"]
[SourceDate "2018.10.10"]
[SourceVersion "1"]
[SourceVersionDate "2018.10.10"]
[SourceQuality "1"]
[WhiteTeam "Germany U18 Girls IV"]
[BlackTeam "Hungary U18 Girls"]
[WhiteTeamCountry "GER"]
[BlackTeamCountry "HUN"]

1. e4 c5 2. Nf3 d6 3. d4 cxd4 4. Nxd4 Nf6 5. Nc3 a6 6. g3 e5 7. Nde2 Be7 8. Bg2 Qc7 9. a4 Nbd7 10. h3 Rb8 11. Be3 b6 12. g4 h6 13. Ng3 Nc5 14. Nf5 Bf8 15. Qd2 Bb7 16. Nd5 Bxd5 17. exd5 Rc8 18. 0-0 g6 19. Ng3 Bg7 20. b4 Ncd7 21. c4 h5 22. g5 Nh7 23. Rac1 f5 24. gxf6 Nhxf6 25. Qd3 Nf8 26. c5 bxc5 27. bxc5 Qd7 28. cxd6 Rxc1 29. Rxc1 Qxa4 30. Rc7 N6d7 31. Ne4 Qb5 32. Ng5 Qb8 33. Qc2 Bf6 34. Rc8+ Qxc8 35. Qxc8+ Bd8 36. Ne6 Nxe6 37. dxe6 1-0

[Event "EU-chT U18 Girls"]
[Site "Bad Blankenburg"]
[Date "2018.07.12"]
[Round "1.1"]
[White "Kobald, Jacqueline"]
[Black "Urh, Zala"]
[Result "0-1"]
[WhiteElo "1921"]
[BlackElo "2216"]
[PlyCount "88"]
[EventDate "2018.07.12"]
[EventType "team-swiss"]
[EventRounds "7"]
[EventCountry "GER"]
[SourceTitle "EXT 2019"]
[Source "ChessBase"]
[SourceDate "2018.10.10"]
[SourceVersion "1"]
[SourceVersionDate "2018.10.10"]
[SourceQuality "1"]
[WhiteTeam "Germany U18 Girls IV"]
[BlackTeam "Slovenia U18 Girls II"]
[WhiteTeamCountry "GER"]
[BlackTeamCountry "SLO"]

1. e4 e5 2. Nf3 Nc6 3. Bb5 Nf6 4. Qe2 Bc5 5. c3 Qe7 6. 0-0 0-0 7. Rd1 d6 8. h3 Bb6 9. d3 h6 10. Nbd2 Nh5 11. Nc4 Qf6 12. Nxb6 axb6 13. d4 Nf4 14. Bxf4 Qxf4 15. a4 Ne7 16. dxe5 dxe5 17. Bc4 Ng6 18. b3 Qf6 19. Nh2 Nf4 20. Qf3 Qg6 21. Kf1 Be6 22. Bxe6 Qxe6 23. b4 Qc6 24. Ng4 Ng6 25. g3 f5 26. Ne3 fxe4 27. Qg4 Rf3 28. Kg2 Raf8 29. Ra2 Kh7 30. Rd7 Qxc3 31. Rad2 Qxb4 32. h4 R8f7 33. h5 Nf8 34. Rd8 Qe7 35. Qxe4+ Kg8 36. Ng4 R3f5 37. Qxb7 Rxh5 38. Qe4 Rhf5 39. R8d5 Ng6 40. Rd8+ Nf8 41. R8d5 Ng6 42. Rd8+ Kh7 43. Qc6 Qg5 44. Ne3 Rxf2+ 0-1

[Event "GER-ch U16 Girls"]
[Site "Willingen"]
[Date "2018.05.24"]
[Round "7"]
[White "Reitz, Theresa"]
[Black "Kobald, Jacqueline"]
[Result "0-1"]
[WhiteElo "1781"]
[BlackElo "1846"]
[PlyCount "79"]
[EventDate "2018.05.19"]
[EventType "swiss"]
[EventRounds "9"]
[EventCountry "GER"]
[SourceTitle "CBM 184 Extra"]
[Source "ChessBase"]
[SourceDate "2018.06.28"]
[SourceVersion "1"]
[SourceVersionDate "2018.06.28"]
[SourceQuality "1"]

1. e4 c5 2. Nf3 e6 3. g3 g6 4. d4 cxd4 5. Qxd4 Qf6 6. Bg2 Bg7 7. Qxf6 Nxf6 8. Nd4 a6 9. e5 Ng4 10. f4 d6 11. h3 dxe5 12. Nf3 e4 13. Ng5 Nf6 14. Nc3 Nc6 15. Bd2 0-0 16. 0-0-0 b5 17. Ncxe4 Nd5 18. Nd6 Bd7 19. Rhe1 Rad8 20. Nb7 Rb8 21. Nc5 Rfd8 22. g4 h6 23. Nf3 b4 24. Ne5 Nxe5 25. Bxd5 exd5 26. fxe5 a5 27. Be3 Be6 28. Bd4 Rdc8 29. Rd3 Rb5 30. Na4 h5 31. gxh5 Bf5 32. Rd2 Bh6 33. Be3 Bxe3 34. Rxe3 d4 35. Re1 Rb7 36. hxg6 Bxg6 37. Rxd4 Rxc2+ 38. Kd1 Rbc7 39. Nc3 bxc3 40. b3 0-1

[Event "BL2 Sued 1718 (Women)"]
[Site "Germany"]
[Date "2018.01.27"]
[Round "4.6"]
[White "Kobald, Jacqueline"]
[Black "Buchholz, Maja Patricia"]
[Result "1/2-1/2"]
[WhiteElo "1833"]
[BlackElo "1165"]
[PlyCount "104"]
[EventDate "2017.10.14"]
[EventType "team-tourn"]
[EventRounds "7"]
[EventCountry "GER"]
[SourceTitle "EXT 2019"]
[Source "ChessBase"]
[SourceDate "2018.10.10"]
[SourceVersion "1"]
[SourceVersionDate "2018.10.10"]
[SourceQuality "1"]
[WhiteTeam "Stuttgart Wolfbusch (W)"]
[BlackTeam "Langen (W)"]
[WhiteTeamCountry "GER"]
[BlackTeamCountry "GER"]

1. e4 c5 2. Nf3 d6 3. d4 cxd4 4. Nxd4 Nf6 5. Nc3 g6 6. Bc4 Bg7 7. Bb3 0-0 8. 0-0 Nc6 9. Re1 Bd7 10. h3 Rc8 11. Be3 Na5 12. Qe2 a6 13. Rad1 b5 14. Bc1 Re8 15. Kh1 Nc4 16. f4 Qb6 17. Qd3 Bc6 18. Nxc6 Rxc6 19. Nd5 Nxd5 20. exd5 Rc7 21. c3 Na5 22. Re4 Nb7 23. Qf3 Nc5 24. Re3 Qa5 25. Rde1 b4 26. Bd2 Nxb3 27. axb3 Qa2 28. c4 Qa5 29. Qe2 Bxb2 30. Bxb4 Qxb4 31. Qxb2 Rxc4 32. Rxe7 Rf8 33. Re8 Qc3 34. Rxf8+ Kxf8 35. Qe2 Rc8 36. Qe7+ Kg7 37. f5 Qf6 38. fxg6 Qxe7 39. Rxe7 hxg6 40. Rd7 Rc1+ 41. Kh2 Rd1 42. Rxd6 a5 43. Kg3 Kf8 44. Kf4 Ke7 45. Rb6 Rxd5 46. g3 Kf8 47. Ke4 Rd1 48. Rb5 Ra1 49. h4 a4 50. bxa4 Rxa4+ 51. Ke5 Kg7 52. Rc5 Rb4 1/2-1/2

[Event "BL2 Sued 1718 (Women)"]
[Site "Germany"]
[Date "2017.10.14"]
[Round "1.6"]
[White "Kobald, Jacqueline"]
[Black "Leinenbach, Janine"]
[Result "1-0"]
[WhiteElo "1833"]
[BlackElo "1764"]
[PlyCount "111"]
[EventDate "2017.10.14"]
[EventType "team-tourn"]
[EventRounds "7"]
[EventCountry "GER"]
[SourceTitle "EXT 2019"]
[Source "ChessBase"]
[SourceDate "2018.10.10"]
[SourceVersion "1"]
[SourceVersionDate "2018.10.10"]
[SourceQuality "1"]
[WhiteTeam "Stuttgart Wolfbusch (W)"]
[BlackTeam "Wadgassen/Differten (W)"]
[WhiteTeamCountry "GER"]
[BlackTeamCountry "GER"]

1. e4 e5 2. Nf3 Nc6 3. Bb5 Nf6 4. 0-0 d6 5. Re1 Bd7 6. c3 Ne7 7. Bxd7+ Qxd7 8. d4 Ng6 9. Nbd2 Be7 10. Nc4 exd4 11. cxd4 0-0 12. Bg5 Rfe8 13. Qb3 b5 14. Ncd2 c5 15. e5 c4 16. Qc2 Nd5 17. Bxe7 Rxe7 18. exd6 Qxd6 19. Rxe7 Ngxe7 20. a4 Qb4 21. axb5 Nb6 22. Ng5 g6 23. Nde4 Ned5 24. h3 Qxb5 25. Nxf7 Qc6 26. Ne5 Qe6 27. Nc5 Qf5 28. Qxf5 gxf5 29. Nc6 Nf4 30. Re1 Kg7 31. Re7+ Kg6 32. Kh2 Nbd5 33. Rxa7 Rxa7 34. Nxa7 Nd3 35. Na4 Nxf2 36. Kg3 Ne4+ 37. Kf3 Nd2+ 38. Ke2 Ne4 39. Nc6 h5 40. Ne5+ Kg5 41. Nxc4 Nf4+ 42. Kf3 Nd5 43. Nc5 Nef6 44. Nd3 h4 45. b4 Nc7 46. Nce5 Nb5 47. Nc6 Nd5 48. Nde5 Kf6 49. Kf2 Kg5 50. Nc4 Kf4 51. Nd2 Ne3 52. Nf3 Ke4 53. Nxh4 Nxd4 54. Nxd4 Kxd4 55. Kf3 Nd5 56. Nxf5+ 1-0